000 00729cam a22001814a 4500
005 20250605164356.0
008 250528s ||||||||||||||||||||||||d
035 _a24351
040 _aGR-AtMCL
_bgre
_dGR-AtMCL
_eAACR2
245 1 _aΜεγάλες Συνεντεύξεις
260 _bΠεδίο,
_c2015
300 _a96
520 _a1951-1961, Έντσο Φερράρι, Αντριάνο Ολιβέτι, Άλμπερτ Αϊνσταϊν, Άλφρεντ Χίτσκοκ, Σαλβαδόρ Νταλί, Φρανθίσκο Φράνκο, Φιντέλ Κάστρο, Νέλσον Μαντέλα.
700 1 _aΤαννής Δημήτρης
_99451
942 _cCR
999 _c9239
_d9239